000
00291nam a22001337a 4500
008
170223b xxu||||| |||| 00| 0 eng d
020
_a
0070558167
041
_a
eng
080
_2
4TH
_a
616.31
100
_a
5
101
_a
SHK
245
_a
PRINCIPLES OF SURGERY
_c
SCHWARTZ
942
_2
udc
_c
BK
999
_c
6143
_d
6143